| 000 | 00570nam a22002057a 4500 | ||
|---|---|---|---|
| 003 | OSt | ||
| 005 | 20210415112541.0 | ||
| 008 | 210309s1975 ||||| |||| 00| 0 eng d | ||
| 020 | _a0330244914 | ||
| 040 |
_aeng _beng _cDLC |
||
| 041 | _aeng | ||
| 080 |
_a821.111 _bM-44 |
||
| 100 |
_9953 _aMcBain, Ed |
||
| 245 |
_aHail to the Chief / An 87th Precinct Mystery _c/ by: Pan Books |
||
| 260 |
_aLondon _bPan Books _c1975 |
||
| 300 | _a140 p. | ||
| 650 | 0 |
_9247 _aEnglish literature |
|
| 653 | _aინგლისური ლიტერატურა | ||
| 942 |
_2udc _cBK |
||
| 999 |
_c2074 _d2074 |
||